The Conflict Resolution Training Program (Record no. 12219)

MARC details
000 -LEADER
fixed length control field 00556nam a2200205 a 4500
001 - CONTROL NUMBER
control field 0001-2219
003 - CONTROL NUMBER IDENTIFIER
control field ELIB.Books
008 - FIXED-LENGTH DATA ELEMENTS--GENERAL INFORMATION
fixed length control field 190803 2010 eng
020 ## - INTERNATIONAL STANDARD BOOK NUMBER
International Standard Book Number 0787955817
092 ## - LOCALLY ASSIGNED DEWEY CALL NUMBER (OCLC)
Classification number 301.6
Item number Mikes, Delos.
100 ## - MAIN ENTRY--PERSONAL NAME
Personal name Kestner, Prudence Bowman.
245 ## - TITLE STATEMENT
Title The Conflict Resolution Training Program
260 ## - PUBLICATION, DISTRIBUTION, ETC. (IMPRINT)
Place of publication, distribution, etc. A Wiley Company
Name of publisher, distributor, etc. Jossey-Bass
Date of publication, distribution, etc. 2002
300 ## - PHYSICAL DESCRIPTION
Extent 160
Dimensions 27.5cm
856 ## - ELECTRONIC LOCATION AND ACCESS
Name of location of host KBTS Library
Uniform Resource Identifier <a href="KBTS Elib">KBTS Elib</a>
942 ## - ADDED ENTRY ELEMENTS (KOHA)
Source of classification or shelving scheme Dewey Decimal Classification
Koha item type Books
990 ## - EQUIVALENCES OR CROSS-REFERENCES [LOCAL, CANADA]
Link information for 9XX fields 1
998 ## - LOCAL CONTROL INFORMATION (RLIN)
-- Englishbooks.elf
Cataloger's initials, CIN (RLIN) cat
-- 2019-08-03
Holdings
Withdrawn status Lost status Source of classification or shelving scheme Damaged status Not for loan Home library Current library Date acquired Total Checkouts Barcode Date last seen Bill Date Koha item type
    Dewey Decimal Classification     Karen Baptist Theological Seminary Library Karen Baptist Theological Seminary Library 03/08/2019   16704 22/01/2022 22/01/2022 Books
Implemented & Customized by: BestBookBuddies

Powered by Koha